000 005730000a22002050004500
003 LK-CoMWRAF
005 20231213150451.0
008 230817t1997 ||||| |||| 00| 0 eng d
020 _a955961410X
040 _aLK-CoMWRAF
_dLK-CoMWRAF
_eLK-CoMWRAF
041 _aeng
082 _a392.5
_bSAM
100 _aSameem, A.M.
245 _aMarriage Customs of the Muslims of Sri Lanka
260 _aColombo:
_bAuthor,
_c1997
300 _axv, 75p.
650 _aIslamic marriage customs and rites- Sri Lanka
650 _aMarriage customs and rites- Sri Lanka
942 _cBK
999 _c2092
_d2092